00314nam a2200133Ia 450000500170000000800410001702000150005808200130007310000110008624500190009726000330011630000130014965000180016220250508054750.0240331s9999 xx 000 0 und d a8187477040 bAMBa891 aAmbai, 0aKatil oru maan aNagercoilbKalachuvaduc2000 a168 p ., aShort Stories